#0 PB152 - Základné pojmy - Statistics

General Stats
  • This quiz has been taken 9 times
  • The average score is 18 of 24
Answer Stats
Hint Answer % Correct
Založenana skrývání detailů, známé vnější chování, neznámá vnitřní struktura Abstrakce
100%
Každá buňka si pamatuje jeden: Bajt
100%
Lineární uspořádání událostí Časový sled
100%
Porušení časového sledu Hazard souběhu
100%
Řídí hardwarové prostředky virtualizace, dostává roli strážce integrity Jádro
100%
Základní jednotka abstrakce software Modul
100%
Zařízení, které si pamatuje data, se kterými program při svém výpočtu pracuje, a které je schopno tato data předávat výpočetní jednotce a na její pokyn je měnit. Operační paměť
100%
Zařízení, která posílají resp. přijímají data, a převádí je na nějaký viditelný efekt ve fyzickém světě, budeme v naší abstrakci označovat za: Periferie
100%
Složitý elektronický stroj Počítač
100%
Mnohem přesnější a zároveň obecně uznávaná abstrakce pro „víceúlohový, víceuživatelský operační systém“ POSIX
100%
Sekvence instrukcí, které popisují nějaký výpočet Program
100%
Neuspořádané události jsou: Souběžné
100%
Umožňuje každému programu pracovat, jako kdyby měl svůj vlastní počítač Virtualizace
100%
Operační paměť je složena z očíslovaných buněk, to znamená že je: Adresovaná
50%
Vnitřní struktura, mechanismus Implementace
50%
Umožňuje vzít některý modul a vyměnit jej za jiný modul, s jinou vnitřní strukturou, ale se stejným vnějším chováním Modularita
50%
Virtualizuje fyzické výpočetní zdroje Operační systém
50%
Relace uspořádání Předcházení
50%
Vnější chování Rozhraní
50%
Interakce výpočtu s periferiemi, nebo s jinými souběžně probíhajícími výpočty Synchronizace
50%
Jev, který nastane v čase (ne nutně pevně určeném nebo známém), a který můžeme pozorovat Událost
50%
Díky abstrakci se ale můžeme na počítač dívat jako na relativně jednoduché: Výpočetní zařízení
50%
Zařízení, které vykonává instrukce Výpočetní jednotka
50%
Obecně používana abstrakce pro počítač Von Neumanova architektura
0%
No matching quizzes found
Score Distribution
Percent of People with Each Score
Percentile by Number Answered
Your Score History
You have not taken this quiz